000 00355nam a2200157Ia 4500
008 221030s9999 xx 000 0 und d
020 _a78840650
041 _aEnglish
082 _a105.23
_bPan
100 _aA. Pandey
245 0 _aProgramming in C
260 _bCyber Tech Pub
_aNew Delhi
_c2003
300 _a335
650 _aComputers
942 _cBK
999 _c1419
_d1419